Selected writings of Nichiren (Record no. 1319158)

MARC details
000 -LEADER
fixed length control field 00752nam a2200229Ia 4500
005 - DATE AND TIME OF LATEST TRANSACTION
control field 20250507130341.0
008 - FIXED-LENGTH DATA ELEMENTS--GENERAL INFORMATION
fixed length control field 008 250505s9999 xx 000 0 eng d
020 ## - INTERNATIONAL STANDARD BOOK NUMBER
International Standard Book Number 9780231072601
037 ## - SOURCE OF ACQUISITION
Stock number Annuals, Advances
040 ## - CATALOGING SOURCE
Original cataloging agency EASL
Language of cataloging eng
Transcribing agency EASL
041 ## - LANGUAGE CODE
Language code of text/sound track or separate title eng
Source of code eng
084 ## - COLON CLASSIFICATION NUMBER
Classification number Q457:2, N0
Assigning agency EASL
100 ## - MAIN ENTRY--PERSONAL NAME
Personal name Yamposlsky Philip B. Ed.
9 (RLIN) 755245
245 #0 - TITLE STATEMENT
Title Selected writings of Nichiren
260 ## - PUBLICATION, DISTRIBUTION, ETC.
Place of publication, distribution, etc. USA
Name of publisher, distributor, etc. New York Columbia University Press
Date of publication, distribution, etc. 1990
300 ## - PHYSICAL DESCRIPTION
Extent xi,508p.
365 ## - TRADE PRICE
Price type code ¥
Price amount 13940
650 ## - SUBJECT ADDED ENTRY--TOPICAL TERM
Topical term or geographic name entry element Nichiren sect - doctrines - Early; Nichiren - Sect - Doctrines - Early works to; JEL
9 (RLIN) 755246
700 ## - ADDED ENTRY--PERSONAL NAME
Personal name Watson Burton Etal Tr.
9 (RLIN) 665178
942 ## - ADDED ENTRY ELEMENTS (KOHA)
Koha item type Textual
Classification part Q457:2, N0

No items available.

Copyright @ Delhi University Library System